Semana Santa Málaga - Estadísticas

Estadísticas generales
  • Esta prueba ha sido intentada 774 veces
  • La puntuación promedio es 36 de 56
Estadísticas de respuestas
Día % Correcto
Cautivo
93%
Domingo de Ramos Pollinica
91%
Mena
87%
Nueva Esperanza
87%
Esperanza
86%
Domingo de Resurreción Resucitado
84%
Gitanos
84%
Martes Santo Rocío
84%
Estudiantes
83%
Jueves Santo Cena
80%
Prendimiento
79%
Huerto
78%
Fusionadas
77%
Dolores del Puente
76%
Humildad
76%
Rico
76%
Lágrimas y Favores
75%
Paloma
75%
Pasión
74%
Sepulcro
74%
Sentencia
73%
Estrella
72%
Lunes Santo Crucifixión
71%
Expiración
71%
Salud
71%
Sangre
71%
Amor
70%
Descendimiento
70%
Servitas
70%
Zamarrilla
70%
Humildad y Paciencia
68%
Penas
68%
Dulce Nombre
67%
Salutación
67%
Vera Cruz
67%
Misericordia
66%
Rescate
65%
Miércoles Santo Mediadora
63%
Viñeros
63%
Salesianos
62%
Dolores de San Juan
60%
Piedad
60%
Santa Cruz
60%
Viernes Santo Calvario
56%
Traslado
54%
Medinaceli
37%
Clemencia
32%
Luz y Mar
30%
Dolores de Puerto de la Torre
28%
Dolores de Churriana
26%
Desamparados
23%
Viernes de Dolores Jesús Despojado
23%
Verdad y Sagrario
23%
Llaga y Buena Fe
21%
Las Lanzas
18%
Sábado de Pasión Buen Camino
17%
No se encontraron pruebas coincidentes
Distribución de puntuación
Porcentaje de gente con cada puntuación
Porcentaje por número respondido
Historial de tus puntuaciones
No has intentado esta prueba.